Radar handbook (Record no. 8399)
[ view plain ]
| 000 -LEADER | |
|---|---|
| fixed length control field | 00658 a2200181 4500 |
| 020 ## - INTERNATIONAL STANDARD BOOK NUMBER | |
| International Standard Book Number | 007057913X |
| 040 ## - CATALOGING SOURCE | |
| Original cataloging agency | DLC |
| Language of cataloging | DLC |
| 082 00 - DEWEY DECIMAL CLASSIFICATION NUMBER | |
| Classification number | 621.3848 |
| 245 00 - TITLE STATEMENT | |
| Title | Radar handbook |
| Statement of responsibility, etc. | Merrill I. Skolnik |
| 250 ## - EDITION STATEMENT | |
| Edition statement | 2nd ed. |
| 260 ## - PUBLICATION, DISTRIBUTION, ETC. | |
| Place of publication, distribution, etc. | New York : |
| Name of publisher, distributor, etc. | McGraw-Hill, |
| Date of publication, distribution, etc. | c1990. |
| 300 ## - PHYSICAL DESCRIPTION | |
| Extent | 1 v. (various pagings) : |
| Other physical details | ill. ; |
| Dimensions | 24 cm. |
| 650 #0 - SUBJECT ADDED ENTRY--TOPICAL TERM | |
| Topical term or geographic name entry element | Radar |
| General subdivision | Handbooks, manuals, etc. |
| 9 (RLIN) | 125731 |
| 700 1# - ADDED ENTRY--PERSONAL NAME | |
| Personal name | Skolnik, Merrill I. |
| Dates associated with a name | 1927- |
| 9 (RLIN) | 125732 |
| 856 41 - ELECTRONIC LOCATION AND ACCESS | |
| Materials specified | Table of contents |
| Uniform Resource Identifier | <a href="http://www.loc.gov/catdir/toc/mh021/89035217.html">http://www.loc.gov/catdir/toc/mh021/89035217.html</a> |
| 856 41 - ELECTRONIC LOCATION AND ACCESS | |
| Materials specified | Contributor biographical information |
| Uniform Resource Identifier | <a href="http://www.loc.gov/catdir/enhancements/fy0728/89035217-b.html">http://www.loc.gov/catdir/enhancements/fy0728/89035217-b.html</a> |
| 942 ## - ADDED ENTRY ELEMENTS (KOHA) | |
| Koha item type | Book |
| Call number prefix | 621.3848 SKO |
| Source of classification or shelving scheme | |
| Withdrawn status | Lost status | Source of classification or shelving scheme | Damaged status | Not for loan | Permanent Location | Current Location | Shelving location | Date acquired | Source of acquisition | Cost, normal purchase price | Total Checkouts | Full call number | Barcode | Date last seen | Date last checked out | Price effective from | Koha item type |
|---|---|---|---|---|---|---|---|---|---|---|---|---|---|---|---|---|---|
| Central Library (CL) | Central Library (CL) | General Stacks | 02/23/2007 | Academic Book company | 8813.61 | 3 | 621.3848 SKO | SEECS008161 | 07/14/2025 | 09/09/2024 | 01/05/2017 | Book |
